000 01433namaa2200337 i 4500
003 EG-GICUC
005 20260509131552.0
008 260509s1998 sy |||jr||| 001 0 ara d
017 _a1998 / 6 / 983
040 _aEG-GiCUC
_bara
_cEG-GiCUC
_dEG-GiCUC
_erda
043 _aaw-----
_aff-----
082 0 4 _221
_a910.3
_bY25kh
092 0 4 _221
_a910.3
_bY25kh
099 _a910.3 Y25kh
100 0 _aياقوت بن عبد الله الحموي،
_d1179?-1229
_eمؤلف.
245 1 2 _aالخزل والدأل بين الدور والدارات والديرة/
_cياقوت الحموى الرومى ؛ تحقيق يحيى زكريا عبارة، محمد أديب جمران.
264 _aدمشق (سوريا) :
_bمنشورات وزارة الثقافة،
_c1998.
300 _aمجلد 2
_b؛
_c24 سم
336 _2rdacontent
_atext
337 _2rdamedia
_aUnmediated
338 _2rdacarrier
_avolume
490 _aاحياء التراث العربى ؛
_v106
504 _aيشتمل على ارجاعات ببليوجرافية وفهارس.
541 _aد. جابر عصفور ؛
_bالقاهرة ؛
_cإهداء ؛
_d2024.
650 1 7 _aالجغرافيا
_vقواميس
_vالاعمال الاولية حتى 1800
_xعربى
_2qrmak
651 1 _2qrmak
700 1 _aعبارة، يحيى زكريا
_eمحقق.
700 1 _aجمران، محمد اديب
_eمحقق.
905 _aAya
942 _2ddc
_cBK
_e21
_n0
999 _c180036
_d180036